[Event "Brno Open FIDE"]
[Site "?"]
[Date "2016.08.26"]
[Round "7"]
[White "Spodny, Josef"]
[Black "Hrdlicka, Vladan"]
[Result "1/2-1/2"]
[WhiteElo "1929"]
[BlackElo "1783"]
[PlyCount "52"]
[EventDate "2016.08.??"]

1. d4 d5 2. Nf3 Nf6 3. e3 c6 4. Bd3 Bg4 5. Nbd2 e6 6. h3 Bxf3 7. Nxf3 Bd6 8. b3
Nbd7 9. O-O e5 10. dxe5 Nxe5 11. Bb2 Qe7 12. Nd4 Nxd3 13. cxd3 Qe5 14. g3 Qg5
15. Qf3 Be5 16. Qg2 Qg6 17. Rad1 O-O 18. Ba3 Rfe8 19. Nf3 Bc7 20. Nh4 Qg5 21.
Bb2 a5 22. Qf3 Be5 23. Bc1 Bd6 24. Qf5 Qxf5 25. Nxf5 Bb4 26. Bb2 Re6 1/2-1/2

[Event "Brno Open FIDE"]
[Site "?"]
[Date "2016.08.26"]
[Round "7"]
[White "Mencik, Pavel"]
[Black "Zuziak, Petr"]
[Result "1/2-1/2"]
[WhiteElo "1893"]
[BlackElo "1909"]
[PlyCount "116"]
[EventDate "2016.08.??"]

1. e4 Nc6 2. Nf3 d6 3. d4 Bg4 4. Bb5 a6 5. Ba4 b5 6. Bb3 Nf6 7. Be3 e6 8. Nbd2
Be7 9. h3 Bh5 10. c3 O-O 11. Qc2 Na5 12. O-O c5 13. a4 c4 14. Ba2 Bg6 15. Nh4
Bxe4 16. Nxe4 Nxe4 17. Qxe4 d5 18. Qg4 Bxh4 19. axb5 axb5 20. Bb1 f5 21. Qh5 g6
22. Qh6 Bf6 23. Bc2 Bg7 24. Qf4 Qe7 25. Rfe1 Nc6 26. Rxa8 Rxa8 27. g4 Qd7 28.
gxf5 exf5 29. h4 b4 30. h5 bxc3 31. bxc3 Kf7 32. hxg6+ hxg6 33. Bd1 Bf6 34. Bf3
Rh8 35. Bg2 g5 36. Qf3 Ne7 37. Bd2 g4 38. Rxe7+ Kxe7 39. Qxd5 Qxd5 40. Bxd5 Rc8
41. Bf4 Kd7 42. Kg2 Be7 43. f3 gxf3+ 44. Kxf3 Bd6 45. Bg5 Rc7 46. Bf6 Ke8 47.
Be6 Kf8 48. Bd8 Ra7 49. d5 Ra3 50. Bf6 Bb4 51. Bxf5 Bxc3 52. Bxc3 Rxc3+ 53. Ke4
Rg3 54. Kd4 c3 55. Bd3 Ke7 56. Kxc3 Kd6 57. Kd4 Rxd3+ 58. Kxd3 Kxd5 1/2-1/2

[Event "Brno Open FIDE"]
[Site "?"]
[Date "2016.08.26"]
[Round "7"]
[White "Von Keyserlingk, Chanda"]
[Black "Haupt, Jaromir"]
[Result "0-1"]
[WhiteElo "1794"]
[BlackElo "1740"]
[PlyCount "74"]
[EventDate "2016.08.??"]

1. d4 Nf6 2. c4 c5 3. d5 e6 4. Nc3 g6 5. e4 exd5 6. e5 d4 7. Nb5 Ne4 8. Qe2
Qa5+ 9. Bd2 Qxd2+ 10. Qxd2 Nxd2 11. Kxd2 Kd8 12. f4 a6 13. Nd6 Bxd6 14. exd6
Re8 15. Nf3 f6 16. Re1 Re6 17. Bd3 Rxd6 18. g4 Nc6 19. a3 Rb8 20. h4 Re6 21. h5
Rxe1 22. Nxe1 Ne7 23. hxg6 hxg6 24. Nf3 d5 25. Rh8+ Kc7 26. Rh4 Be6 27. b3 b5
28. cxb5 axb5 29. g5 fxg5 30. Nxg5 Bf5 31. Be2 c4 32. b4 c3+ 33. Kc1 d3 34. Rh7
Re8 35. Bf3 d2+ 36. Kd1 Kb6 37. Be2 Rc8 0-1

[Event "Brno Open FIDE"]
[Site "?"]
[Date "2016.08.26"]
[Round "7"]
[White "Kosina, Vladimir"]
[Black "Fryda, Dominik"]
[Result "1-0"]
[WhiteElo "1704"]
[BlackElo "1640"]
[PlyCount "53"]
[EventDate "2016.08.??"]

1. d4 Nf6 2. c4 e6 3. Nc3 Bb4 4. Bd2 O-O 5. Nf3 d5 6. e3 c6 7. a4 Nbd7 8. Qc2
Re8 9. Bd3 dxc4 10. Bxc4 b6 11. O-O Bb7 12. Rfd1 Rc8 13. Be1 Qe7 14. h3 Red8
15. Qb3 a6 16. Be2 b5 17. Rac1 Nb6 18. Ne5 Bxc3 19. axb5 cxb5 20. bxc3 Bd5 21.
Qb1 Nc4 22. Bxc4 Bxc4 23. Qa1 Qb7 24. Qa5 Rd6 25. Rb1 Nd7 26. Nxc4 Rxc4 27.
Qd8+ 1-0

[Event "Brno Open FIDE"]
[Site "?"]
[Date "2016.08.26"]
[Round "7"]
[White "Zejda, Karel"]
[Black "Blazek, Pavel"]
[Result "0-1"]
[WhiteElo "1772"]
[BlackElo "1755"]
[PlyCount "64"]
[EventDate "2016.08.??"]

1. d4 d5 2. Nf3 Nf6 3. Bg5 Ne4 4. Bh4 c5 5. e3 cxd4 6. exd4 Qb6 7. Qc1 g5 8.
Bxg5 Nxg5 9. Nxg5 Qxd4 10. Nf3 Qb6 11. Nbd2 Bg7 12. c3 e5 13. Nb3 Bh6 14. Qc2
Nc6 15. Be2 Be6 16. O-O Rc8 17. Qd1 Rg8 18. g3 Ke7 19. Qc2 e4 20. Nh4 Rg7 21.
Rfe1 a5 22. Rad1 a4 23. Nc1 Ne5 24. Bf1 Bg5 25. Rxd5 Bxd5 26. Nf5+ Kf6 27. Nxg7
Nf3+ 28. Kh1 Nxe1 29. Nh5+ Ke7 30. Qd1 Qxf2 31. Bh3 Bxc1 32. Qxd5 Qf3+ 0-1

[Event "Brno Open FIDE"]
[Site "?"]
[Date "2016.08.26"]
[Round "7"]
[White "Habinova, Alice"]
[Black "Veznik, Michael"]
[Result "0-1"]
[WhiteElo "1212"]
[BlackElo "1817"]
[PlyCount "68"]
[EventDate "2016.08.??"]

1. e4 c5 2. d4 cxd4 3. c3 dxc3 4. Nxc3 Nc6 5. Bc4 e6 6. Nf3 Bb4 7. Bd2 Nge7 8.
a3 Ba5 9. b4 Bb6 10. Qb3 O-O 11. O-O Nd4 12. Nxd4 Bxd4 13. Be3 Nc6 14. Rad1
Bxe3 15. fxe3 a6 16. Ne2 b5 17. Bd3 Qb6 18. Bc2 Ne5 19. Nd4 Bb7 20. Qc3 Rac8
21. Qe1 Rc7 22. Qg3 d6 23. Bb3 Nc4 24. Rf6 Bxe4 25. Ra1 d5 26. a4 Nxe3 27. Qxe3
gxf6 28. a5 Qd6 29. Rf1 Qe5 30. Ne2 Qg5 31. Qh3 Kh8 32. Rf4 Rg8 33. g3 Rc1+ 34.
Kf2 Rb1 0-1

[Event "Brno Open FIDE"]
[Site "?"]
[Date "2016.08.26"]
[Round "7"]
[White "Koci, Tereza"]
[Black "Zikan, Karel"]
[Result "0-1"]
[WhiteElo "1569"]
[BlackElo "1725"]
[PlyCount "120"]
[EventDate "2016.08.??"]

1. d4 Nf6 2. c4 e6 3. Nf3 d5 4. cxd5 exd5 5. Nc3 Bf5 6. Qb3 Bc8 7. Bg5 c6 8.
Ne5 Be7 9. e3 O-O 10. Bd3 Nbd7 11. f4 Qb6 12. Qc2 h6 13. Bh4 Re8 14. Nxf7 Kxf7
15. Bg6+ Kf8 16. Bxe8 Kxe8 17. O-O Kf7 18. Rf3 Nf8 19. h3 Bd7 20. g4 Kg8 21.
Kh1 Re8 22. Rg1 Ne4 23. Bxe7 Rxe7 24. g5 Bf5 25. Na4 Qa5 26. Qd1 h5 27. Kh2 g6
28. a3 Qd2+ 29. Qxd2 Nxd2 30. Rf2 Nc4 31. Re1 Kf7 32. Nc3 Nxe3 33. Rfe2 Ng4+
34. hxg4 Rxe2+ 35. Rxe2 Bxg4 36. Re3 Ne6 37. Ne2 Bxe2 38. Rxe2 Nxd4 39. Re3 Ne6
40. a4 Ke7 41. b4 Kd6 42. Kg3 b6 43. Re1 c5 44. bxc5+ bxc5 45. Rf1 Nd4 46. Kf2
c4 47. Rb1 Nb3 48. Ke3 d4+ 49. Kf2 Kd5 50. Rb2 Ke4 51. Kg3 d3 52. Rb1 d2 53.
Kf2 Kd3 54. f5 gxf5 55. g6 Nc1 56. Rb5 Kc2 57. Rd5 Nd3+ 58. Rxd3 Kxd3 59. g7
d1=Q 60. g8=Q Qe2+ 0-1

[Event "Brno Open FIDE"]
[Site "?"]
[Date "2016.08.26"]
[Round "7"]
[White "Hruza, Dominik"]
[Black "Koci, Milos"]
[Result "1-0"]
[WhiteElo "1772"]
[BlackElo "1251"]
[PlyCount "41"]
[EventDate "2016.08.??"]

1. e4 c5 2. Nf3 e6 3. c3 Nc6 4. d4 cxd4 5. cxd4 Bb4+ 6. Bd2 Qb6 {(R)} 7. Bxb4
Qxb4+ 8. Qd2 Qxd2+ 9. Nbxd2 Nf6 10. a3 O-O 11. e5 Nd5 12. Ne4 b6 13. Nd6 h6 14.
Bc4 Nce7 15. O-O Rb8 16. Rac1 Bb7 17. Rc2 Nc8 18. Nxb7 Rxb7 19. Bxd5 exd5 20.
Rfc1 Re8 21. Rxc8 1-0

[Event "Brno Open FIDE"]
[Site "?"]
[Date "2016.08.26"]
[Round "7"]
[White "Koci, Tomas"]
[Black "Brda, Vlastimil"]
[Result "1-0"]
[WhiteElo "1569"]
[BlackElo "1246"]
[PlyCount "117"]
[EventDate "2016.08.??"]

1. d4 d5 2. c4 dxc4 3. e3 b5 4. a4 Ba6 5. Nc3 b4 6. Ne4 e6 7. Nf3 Be7 8. Be2
Qd5 9. Ng3 Nf6 10. O-O Nc6 11. b3 Na5 12. bxc4 Nxc4 13. Qb3 h5 14. Ne5 Rb8 15.
Bxc4 Bxc4 16. Qxc4 Bd6 17. Qxd5 Nxd5 18. Nd3 Nc3 19. Re1 h4 20. Ne2 Ne4 21. Rb1
a5 22. f3 Nf6 23. Bb2 Nd7 24. e4 Nb6 25. Nc5 Nc4 26. e5 Be7 27. Ne4 Rb6 28.
Rec1 Nxb2 29. Rxb2 Rb7 30. Nf4 b3 31. Rcb1 g5 32. Nh3 Rb4 33. Rxb3 Rxa4 34.
Rb8+ Bd8 35. Nexg5 Rxd4 36. Ra1 c5 37. Rxa5 Rb4 38. Rxd8+ Kxd8 39. Nxf7+ Kd7
40. Nxh8 Kc6 41. Ra2 c4 42. Rc2 Kb5 43. Nf7 Rb1+ 44. Kf2 Kb4 45. Nf4 Kb3 46.
Re2 c3 47. Nd3 Kc4 48. Ke3 Kb3 49. Nd6 c2 50. Nb5 c1=Q+ 51. Nxc1+ Rxc1 52. Nd4+
Ka3 53. Nxe6 Rc3+ 54. Ke4 Rc4+ 55. Nd4 Rc8 56. f4 Kb4 57. f5 Rg8 58. h3 Rg3 59.
f6 1-0

[Event "Brno Open FIDE"]
[Site "?"]
[Date "2016.08.27"]
[Round "8"]
[White "Snorek, Milan"]
[Black "Strebkovs, Andrejs"]
[Result "1/2-1/2"]
[WhiteElo "2012"]
[BlackElo "2285"]
[PlyCount "68"]
[EventDate "2016.08.??"]

1. Nf3 d6 2. d4 Bg4 3. g3 Bxf3 4. exf3 d5 5. Bg2 e6 6. f4 g6 7. Qe2 c6 8. h4 h5
9. O-O Bg7 10. c3 Ne7 11. a4 Nd7 12. a5 O-O 13. b4 b6 14. Bh3 {(R)} Nf5 15.
Bxf5 exf5 16. Be3 Re8 17. Nd2 b5 18. Nf3 Qc7 19. Rfe1 Nf6 20. Qd3 Ne4 21. Kg2
Re7 22. Bd2 f6 23. Ng1 Rae8 24. f3 Nd6 25. Rxe7 Rxe7 26. Re1 Nc4 27. Kf1 Kf7
28. Bc1 Bf8 29. Rxe7+ Bxe7 30. Kg2 Nd6 31. Nh3 Qc8 32. Nf2 Nc4 33. Qe2 Qe6 34.
Qxe6+ Kxe6 1/2-1/2

[Event "Brno Open FIDE"]
[Site "?"]
[Date "2016.08.27"]
[Round "8"]
[White "Pokorny, Petr"]
[Black "Vyskocil, Neklan"]
[Result "0-1"]
[WhiteElo "2176"]
[BlackElo "2318"]
[PlyCount "40"]
[EventDate "2016.08.??"]

1. d4 Nf6 2. c4 e6 3. Nc3 Bb4 4. Qc2 O-O 5. a3 Bxc3+ 6. Qxc3 b6 7. Bg5 Ba6 8.
Qf3 Nc6 9. Bxf6 Qxf6 10. Qxf6 gxf6 11. e3 Na5 12. Rc1 c5 13. d5 Rac8 14. Nf3
Rfe8 15. Be2 f5 16. Rc2 f4 17. e4 exd5 18. exd5 Bxc4 19. b4 Bxe2 20. Rxe2 cxb4
0-1

[Event "Brno Open FIDE"]
[Site "?"]
[Date "2016.08.27"]
[Round "8"]
[White "Dambrauskas, Virginijus"]
[Black "Skacelik, Petr"]
[Result "1-0"]
[WhiteElo "2243"]
[BlackElo "2157"]
[PlyCount "61"]
[EventDate "2016.08.??"]

1. d4 Nf6 2. Bg5 Ne4 3. Bf4 c5 4. d5 d6 5. Nd2 Qa5 6. c3 Nxd2 7. Qxd2 Nd7 8. e4
g6 9. Nf3 Bg7 10. Bh6 O-O 11. Bd3 Nf6 12. h4 Bxh6 13. Qxh6 Ng4 14. Qd2 f6 15.
Nh2 Ne5 16. f4 Nxd3+ 17. Qxd3 Bd7 18. g4 Rac8 19. Qe3 e6 20. dxe6 Bxe6 21. f5
Bf7 22. O-O Rce8 23. Qf4 Qa4 24. Rae1 d5 25. b3 Qc6 26. g5 Rxe4 27. Rxe4 dxe4
28. Ng4 fxg5 29. hxg5 gxf5 30. Nh6+ Kg7 31. Nxf5+ 1-0

[Event "Brno Open FIDE"]
[Site "?"]
[Date "2016.08.27"]
[Round "8"]
[White "Meszaros, Ludek"]
[Black "Krejci, Petr"]
[Result "1-0"]
[WhiteElo "2128"]
[BlackElo "2007"]
[PlyCount "113"]
[EventDate "2016.08.??"]

1. e4 d5 2. Nc3 dxe4 3. Nxe4 Nd7 4. d4 Ndf6 5. Ng3 h5 6. Bd3 c6 7. Nf3 h4 8.
Nf1 h3 9. g3 Bg4 10. c3 Bxf3 11. Qxf3 Qd5 12. Qxd5 Nxd5 13. Bd2 e6 14. O-O-O
Ngf6 15. Ne3 g6 16. Nxd5 cxd5 17. Bb5+ Kd8 18. Bg5 Bh6 19. Bxh6 Rxh6 20. f3 a6
21. Bd3 b5 22. Kd2 Ne8 23. a4 Nd6 24. axb5 axb5 25. Ra1 Rxa1 26. Rxa1 Kc7 27.
Ra8 Rh7 28. b3 Rh5 29. Ke3 g5 30. Rg8 f5 31. g4 f4+ 32. Kd2 Rh6 33. Rxg5 Rh8
34. Kc2 Ra8 35. Kb2 b4 36. cxb4 Rb8 37. b5 Rxb5 38. Bxb5 Nxb5 39. Rh5 Nxd4 40.
Rxh3 e5 41. Kc3 Kc6 42. b4 Kd6 43. Rh6+ Ke7 44. Rh3 Ke6 45. Kd2 e4 46. Rh6+ Ke5
47. Rh5+ Ke6 48. fxe4 dxe4 49. Rh8 Kd5 50. Rd8+ Kc4 51. Re8 Nf3+ 52. Ke2 Nd4+
53. Kf1 Kd3 54. g5 Nf5 55. Rd8+ Ke3 56. Rf8 Nh4 57. b5 1-0

[Event "Brno Open FIDE"]
[Site "?"]
[Date "2016.08.27"]
[Round "8"]
[White "Stehlik, Jiri"]
[Black "Dvorak, Adam"]
[Result "1/2-1/2"]
[WhiteElo "1968"]
[BlackElo "2211"]
[PlyCount "36"]
[EventDate "2016.08.??"]

1. d4 Nf6 2. Nf3 d5 3. g3 b6 4. Bg2 Bb7 5. O-O e6 6. c4 Nbd7 7. cxd5 exd5 8.
Nc3 a6 9. Bf4 Nh5 10. Bg5 Be7 11. Qd2 O-O 12. Bxe7 Qxe7 13. Qg5 Qxg5 14. Nxg5
Nhf6 15. Rfd1 Rfe8 16. e3 Nf8 17. Rac1 Re7 18. Rc2 Rd8 {(R)} 1/2-1/2

[Event "Brno Open FIDE"]
[Site "?"]
[Date "2016.08.27"]
[Round "8"]
[White "Straka, Vojtech"]
[Black "Rehurek, Lukas"]
[Result "0-1"]
[WhiteElo "1917"]
[BlackElo "2180"]
[PlyCount "64"]
[EventDate "2016.08.??"]

1. Nf3 Nf6 2. c4 c5 3. g3 Nc6 4. Nc3 d5 5. cxd5 Nxd5 6. Bg2 Nxc3 7. bxc3 g6 8.
Qb3 e5 9. d3 Qc7 10. O-O Na5 11. Qc2 Bg7 12. Nd2 O-O 13. Ba3 Bd7 14. Rab1 {(R)}
Rac8 15. Nb3 Nxb3 16. Qxb3 b6 17. c4 Bc6 18. Bd5 Bxd5 19. cxd5 Qd7 20. Qc4 f5
21. f4 Rcd8 22. e4 fxe4 23. dxe4 exf4 24. Bb2 fxg3 25. d6+ Kh8 26. Rxf8+ Rxf8
27. Bxg7+ Qxg7 28. hxg3 Qe5 29. Qd3 c4 30. Qa3 Qd4+ 31. Kh2 Rf2+ 32. Kh3 Qe5
0-1

[Event "Brno Open FIDE"]
[Site "?"]
[Date "2016.08.27"]
[Round "8"]
[White "Tsenov, Tsvetoslav"]
[Black "Popper, Tomas"]
[Result "0-1"]
[WhiteElo "2148"]
[BlackElo "2043"]
[PlyCount "80"]
[EventDate "2016.08.??"]

1. e4 e5 2. Nf3 d6 3. d4 exd4 4. Nxd4 Nf6 5. Nc3 c6 6. Bf4 Be7 7. Qd2 b5 8. Bd3
O-O 9. O-O b4 10. Nce2 c5 11. Nf5 Bxf5 12. exf5 d5 13. c3 Nc6 14. Ng3 Qa5 15.
Rfe1 c4 16. Be2 bxc3 17. bxc3 d4 18. Bxc4 dxc3 19. Qe2 Ba3 20. Be3 Rae8 21.
Rad1 Ne5 22. Bb3 Neg4 23. Qf3 Nxe3 24. fxe3 Qc5 25. Bc2 Rd8 26. Kh1 Rd2 27. Ne4
Nxe4 28. Qxe4 Qd6 29. f6 g6 30. Rf1 Rd8 31. Rxd2 cxd2 32. h4 Qg3 33. Bd1 Bd6
34. Kg1 Bc5 35. Bf3 Qe1 36. Qc4 Qxe3+ 37. Kh2 Rd4 38. Qxc5 Rxh4+ 39. Kg3 Qxc5
40. Kxh4 Qc4+ 0-1

[Event "Brno Open FIDE"]
[Site "?"]
[Date "2016.08.27"]
[Round "8"]
[White "Zeman, Radek"]
[Black "Fojtik, Tomas"]
[Result "1/2-1/2"]
[WhiteElo "1977"]
[BlackElo "2061"]
[PlyCount "69"]
[EventDate "2016.08.??"]

1. e4 c5 2. Nf3 e6 3. d3 Nc6 4. Nbd2 d6 5. g3 Nf6 6. Bg2 Be7 7. O-O Bd7 8. c3
Rb8 9. Nh4 b5 10. f4 Qb6 11. Kh1 h5 12. Qe2 e5 13. fxe5 Bg4 14. Ndf3 dxe5 15.
Nf5 Bxf5 16. exf5 Nd7 17. Bg5 Bf6 18. Rad1 Kf8 {(R)} 19. Rfe1 Qc7 20. d4 cxd4
21. cxd4 Nxd4 22. Nxd4 exd4 23. Bf4 Qb6 24. Bxb8 Qxb8 25. Bc6 Ne5 26. Qxb5 Qd6
27. Bd5 Kg8 28. Rxd4 Kh7 29. Rdd1 Qc7 30. Qe2 g6 31. fxg6+ fxg6 32. Kg2 Re8 33.
Be4 Kg7 34. Qb5 Rc8 35. Qe2 1/2-1/2

[Event "Brno Open FIDE"]
[Site "?"]
[Date "2016.08.27"]
[Round "8"]
[White "Pribyl, Rene"]
[Black "Marko, Daniel"]
[Result "1/2-1/2"]
[WhiteElo "1989"]
[BlackElo "1955"]
[PlyCount "30"]
[EventDate "2016.08.??"]

1. d4 Nf6 2. c4 c5 3. d5 e6 4. Nc3 exd5 5. Nxd5 Nxd5 6. cxd5 d6 7. e4 g6 8. Bd2
Bg7 9. Bc3 O-O 10. Bd3 Re8 11. Ne2 b5 12. O-O a6 13. h3 Nd7 14. Bxg7 Kxg7 15.
b3 Qh4 1/2-1/2

[Event "Brno Open FIDE"]
[Site "?"]
[Date "2016.08.27"]
[Round "8"]
[White "Licka, Vlastimil"]
[Black "Kosina, Vladimir"]
[Result "1-0"]
[WhiteElo "1944"]
[BlackElo "1704"]
[PlyCount "87"]
[EventDate "2016.08.??"]

1. b3 e5 2. Bb2 d6 3. e4 Nf6 4. d3 Be7 5. Nd2 Nc6 6. Ngf3 Be6 7. Be2 Qd7 8. Ng5
O-O 9. Nxe6 Qxe6 10. O-O Rad8 11. c4 Ne8 12. Bg4 Qh6 13. Nf3 g6 14. Bc1 Qg7 15.
Bh3 f5 16. b4 f4 17. b5 Nb8 18. Be6+ Kh8 19. Qa4 a6 20. Bd5 axb5 21. cxb5 b6
22. Qc4 h6 23. a4 Nf6 24. Be6 Ne8 25. a5 bxa5 26. Rxa5 Qf6 27. d4 Ng7 28. Bd5
Ne8 29. Bb2 Nd7 30. Ra6 Kh7 31. dxe5 dxe5 32. Rxf6 Bxf6 33. Rd1 Nb6 34. Qb3
Nxd5 35. Rxd5 Rxd5 36. Qxd5 Nd6 37. Bxe5 Bxe5 38. Nxe5 Rb8 39. Qe6 Rg8 40. b6
Ne8 41. Qf7+ Rg7 42. Qxe8 cxb6 43. Nd7 h5 44. Nf6+ 1-0

[Event "Brno Open FIDE"]
[Site "?"]
[Date "2016.08.27"]
[Round "8"]
[White "Martisek, Karel"]
[Black "Spodny, Josef"]
[Result "1-0"]
[WhiteElo "1821"]
[BlackElo "1929"]
[PlyCount "29"]
[EventDate "2016.08.??"]

1. f4 d5 2. Nf3 Nf6 3. e3 c5 4. b3 g6 5. Bb2 Bg7 6. Be2 O-O 7. O-O Nc6 8. a3 b6
9. Qe1 Bb7 10. d3 Ng4 11. Bxg7 Kxg7 12. Qd2 d4 13. Nxd4 Nxe3 14. Nxc6 Nxf1 15.
Qc3+ 1-0

[Event "Brno Open FIDE"]
[Site "?"]
[Date "2016.08.27"]
[Round "8"]
[White "Hrdlicka, Vladan"]
[Black "Janous, Petr"]
[Result "0-1"]
[WhiteElo "1783"]
[BlackElo "1918"]
[PlyCount "122"]
[EventDate "2016.08.??"]

1. d4 d5 2. c4 c6 3. Nf3 Nf6 4. Nc3 dxc4 5. a4 Bf5 6. Ne5 e6 7. Nxc4 Bb4 8. Bg5
Nbd7 9. Qb3 a5 10. e3 O-O 11. Be2 Qe7 12. Ne5 Rfd8 13. O-O h6 14. Bh4 Nf8 15.
Bf3 g5 16. Bg3 Rac8 17. h3 N6d7 18. Ng4 Bxg4 19. Bxg4 Nf6 20. Be2 Bd6 21. f4
gxf4 22. Bxf4 Bxf4 23. Rxf4 Ng6 24. Rf2 Nd5 25. Ne4 Qb4 26. Qd3 Rc7 27. Bh5 Kg7
28. Nc5 Re7 {(R)} 29. Raf1 f5 30. g4 Ndf4 31. exf4 Qxc5 32. Bxg6 Kxg6 33. gxf5+
Qxf5 34. Rg2+ Kh7 35. Qc3 {(R)} Rg8 36. Rff2 Rxg2+ 37. Kxg2 Rg7+ 38. Kf1 Rd7
39. Ke2 Qe4+ 40. Qe3 Rxd4 41. b3 Qxe3+ 42. Kxe3 Rb4 43. Rg2 Rxb3+ 44. Kd4 Rb4+
45. Ke5 Rxa4 46. Rg4 b5 47. h4 Rc4 48. Kxe6 h5 49. Rg5 Rxf4 50. Rxh5+ Kg7 51.
Rg5+ Kh6 52. Kd6 Rxh4 53. Rg3 Rc4 54. Kc7 b4 55. Kb6 a4 56. Ka5 a3 57. Ka4 c5
58. Kb3 Rc1 59. Ka2 Rc2+ 60. Kb3 Rf2 61. Rg4 Rb2+ 0-1

[Event "Brno Open FIDE"]
[Site "?"]
[Date "2016.08.27"]
[Round "8"]
[White "Haupt, Jaromir"]
[Black "Stanek, Stanislav"]
[Result "1-0"]
[WhiteElo "1740"]
[BlackElo "1999"]
[PlyCount "119"]
[EventDate "2016.08.??"]

1. d3 d5 2. g3 c6 3. Bg2 Nf6 4. Nf3 h6 5. e3 Bf5 6. Nbd2 Nbd7 7. b3 e5 8. O-O
Bd6 9. Nh4 Bg4 10. Qe1 g5 11. Nhf3 Bb4 12. Bb2 e4 13. Ne5 Nxe5 14. Bxe5 Qe7 15.
Bxf6 Qxf6 16. Nxe4 Qe7 17. Nf6+ Kf8 18. c3 Qxf6 19. cxb4 Qb2 20. b5 Kg7 21. Qc1
Qxc1 22. Rfxc1 cxb5 23. Rc7 Be6 24. Rac1 b6 25. R1c6 Rhe8 26. Rxe6 Rxe6 27.
Bxd5 Rae8 28. Bxe6 Rxe6 29. Rxa7 Rc6 30. Kg2 Rc2 31. g4 Kg6 32. Ra6 Rc6 33. Kf3
h5 34. h3 Rf6+ 35. Ke2 h4 36. e4 Rc6 37. d4 f6 38. Kd2 b4 39. d5 Rc3 40. Rxb6
Rxh3 41. e5 Rf3 42. Ke2 Rf4 43. f3 h3 44. e6 h2 45. e7 Kf7 46. Rb8 Kxe7 47. Rh8
Kd6 48. Rxh2 Kxd5 49. Rh8 f5 50. Rg8 fxg4 51. Rxg5+ Kc6 52. Rxg4 Rf7 53. Rxb4
Re7+ 54. Re4 Rh7 55. Kd3 Rh2 56. Re2 Rh3 57. Ke4 Kb5 58. a4+ Kb4 59. Re3 Rh5
60. f4 1-0

[Event "Brno Open FIDE"]
[Site "?"]
[Date "2016.08.27"]
[Round "8"]
[White "Zuziak, Petr"]
[Black "Prokop, Jiri"]
[Result "1-0"]
[WhiteElo "1909"]
[BlackElo "1695"]
[PlyCount "73"]
[EventDate "2016.08.??"]

1. Nf3 g6 2. d4 Bg7 3. c4 f5 4. Nc3 Nf6 5. e3 O-O 6. Qb3 e6 7. Bd2 d5 8. O-O-O
c6 9. Be2 Qc7 10. Ne5 Ne4 11. Nxe4 fxe4 12. f4 exf3 13. Nxf3 Nd7 14. Bd3 a5 15.
Qc2 Rf6 16. h4 Nf8 17. h5 Qf7 18. Ne5 Qe8 19. Ng4 gxh5 20. Nxf6+ Bxf6 21. Rdg1
Bg5 22. Be2 h4 23. g3 h3 24. Rxh3 e5 25. Rh5 h6 26. e4 Qg6 27. Bxg5 hxg5 28.
cxd5 cxd5 29. Rgh1 Bd7 30. Qd2 Rc8+ 31. Kd1 Qxe4 32. Qxg5+ Ng6 33. Rh8+ Kf7 34.
R1h7+ Ke6 35. Bg4+ Kd6 36. Rxd7+ Kc6 37. Rxc8+ 1-0

[Event "Brno Open FIDE"]
[Site "?"]
[Date "2016.08.27"]
[Round "8"]
[White "Mencik, Pavel"]
[Black "Macurek, Miloslav"]
[Result "1-0"]
[WhiteElo "1893"]
[BlackElo "1688"]
[PlyCount "49"]
[EventDate "2016.08.??"]

1. e4 e6 2. d4 d5 3. Nc3 Bb4 4. a3 Bxc3+ 5. bxc3 dxe4 6. Qg4 Nf6 7. Qxg7 Rg8 8.
Qh6 c5 9. Bb5+ Bd7 10. Bxd7+ Nbxd7 11. Ne2 Qa5 12. O-O Qa4 13. Re1 Qxc2 14. Bg5
Rg6 15. Qh4 Qa4 16. Nf4 Rxg5 17. Qxg5 cxd4 18. cxd4 Qxd4 19. Nh5 Nxh5 20. Qxh5
Nf6 21. Qb5+ Qd7 22. Qe5 Ke7 23. Red1 Nd5 24. Qxe4 h5 25. Qh4+ 1-0

[Event "Brno Open FIDE"]
[Site "?"]
[Date "2016.08.27"]
[Round "8"]
[White "Marsa, Alexandr"]
[Black "Blazek, Pavel"]
[Result "1-0"]
[WhiteElo "1000"]
[BlackElo "1755"]
[PlyCount "95"]
[EventDate "2016.08.??"]

1. d4 d5 2. c4 e6 3. Nc3 Nf6 4. Bg5 Nbd7 5. e3 c6 6. a3 Be7 7. Nf3 O-O 8. Qc2
Re8 9. Bd3 dxc4 10. Bxc4 Nd5 11. Bxe7 Qxe7 12. Ne4 h6 13. Ng3 e5 14. Bxd5 cxd5
15. dxe5 Nxe5 16. Nd4 Bd7 17. O-O Nc4 18. Rfd1 Rac8 19. Qb3 Nb6 20. Qb4 Qxb4
21. axb4 a6 22. Rdc1 g6 23. Rc5 Rxc5 24. bxc5 Na4 25. b4 Rc8 26. Nge2 g5 27.
Kf1 Kg7 28. f3 Nb2 29. Nc3 Be6 30. Ke2 Nc4 31. Nb3 Ne5 32. Nd4 Nc6 33. Nxc6
Rxc6 34. Kd3 f5 35. Kd4 Rc7 36. b5 axb5 37. Nxb5 Rd7 38. Ra7 Kf6 39. Nd6 b6 40.
Ne8+ Ke7 41. Rxd7+ Bxd7 42. cxb6 Bc6 43. Nc7 Kd6 44. Na6 h5 45. Nc5 Bb5 46. b7
Kc7 47. Kxd5 g4 48. Ke5 1-0

[Event "Brno Open FIDE"]
[Site "?"]
[Date "2016.08.27"]
[Round "8"]
[White "Veznik, Michael"]
[Black "Hruza, Dominik"]
[Result "0-1"]
[WhiteElo "1817"]
[BlackElo "1772"]
[PlyCount "102"]
[EventDate "2016.08.??"]

1. d4 d5 2. e4 dxe4 3. Nc3 f5 4. f3 exf3 5. Nxf3 Nf6 6. Bc4 Nc6 7. a3 e6 8. O-O
Be7 9. b4 Nd5 10. Ne2 Bf6 11. Bb3 O-O 12. c4 Nde7 13. Bb2 Kh8 14. Qc2 Ng6 15.
Rad1 Qe7 16. Rfe1 e5 17. b5 Na5 18. Bc3 Qxa3 19. Nc1 Nxb3 20. Nxb3 Qe7 21. dxe5
Bg5 22. Nbd4 Nh4 23. Qb2 Nxf3+ 24. Nxf3 c5 25. bxc6 bxc6 26. Rd6 c5 27. Qb5 Bf4
28. Qxc5 Bb7 29. Qd4 Bxf3 30. Qxf4 Be4 31. Red1 Rfd8 32. c5 Rxd6 33. exd6 Qd7
34. h4 Kg8 35. h5 h6 36. Qe5 Re8 37. Qd4 Ra8 {(R)} 38. Ra1 Bc6 39. Re1 Be4 40.
Re3 a6 41. Rg3 Ra7 42. Rg6 Bc6 43. Rxg7+ Qxg7 44. Qc4+ Qf7 45. Qd4 Qh7 46. Qf6
Rf7 47. Qd8+ Rf8 48. Qb6 Qb7 49. Qa5 Qb1+ 50. Kh2 Qc2 51. Bd2 Qe4 0-1

[Event "Brno Open FIDE"]
[Site "?"]
[Date "2016.08.27"]
[Round "8"]
[White "Zikan, Karel"]
[Black "Von Keyserlingk, Chanda"]
[Result "1-0"]
[WhiteElo "1725"]
[BlackElo "1794"]
[PlyCount "87"]
[EventDate "2016.08.??"]

1. Nf3 d5 2. d4 Nf6 3. c4 e6 4. Bg5 Be7 5. e3 h6 6. Bh4 O-O 7. Nc3 Ne4 8. Bxe7
Qxe7 9. Rc1 b6 10. cxd5 Nxc3 11. Rxc3 exd5 12. Be2 Bb7 13. O-O c6 14. Qa4 Nd7
15. b4 b5 16. Qb3 Nb6 17. Rc5 Nd7 18. Rc3 Nf6 19. Ne5 Rfc8 20. Rfc1 Ne4 21.
R3c2 Qe6 22. Nd3 Re8 23. Nc5 Nxc5 24. Rxc5 Rac8 25. h3 f5 26. Bf3 Qd6 27. g3
Kh8 28. Qd3 g6 29. R1c3 a6 30. Qc2 Qe6 31. h4 Qd7 32. Bg2 Qe6 33. Bh3 Qe4 34.
Qc1 h5 35. Bg2 Qe6 36. Qd1 Kg7 37. Qf3 Qe4 38. Qd1 Qe6 39. Qd3 Kf7 40. Rc1 Re7
41. Qc3 Rec7 42. Bxd5 cxd5 43. Rxc7+ Kf6 44. Rxc8 1-0

[Event "Brno Open FIDE"]
[Site "?"]
[Date "2016.08.27"]
[Round "8"]
[White "Fryda, Dominik"]
[Black "Koci, Tomas"]
[Result "1/2-1/2"]
[WhiteElo "1640"]
[BlackElo "1569"]
[PlyCount "50"]
[EventDate "2016.08.??"]

1. f4 d5 2. Nf3 c5 3. e3 Nc6 4. d4 e6 5. c3 Nf6 6. Bd3 Bd6 7. O-O O-O 8. Ne5
Ne4 9. Nd2 cxd4 10. exd4 Bxe5 11. fxe5 Nxd2 12. Bxd2 Qb6 13. Qb3 Qxb3 14. axb3
Bd7 15. Rf3 Ne7 16. Rh3 Ng6 17. Rf1 b5 18. Rc1 a6 19. c4 Rfc8 20. c5 a5 21. Ra1
a4 22. bxa4 Rxa4 23. Rxa4 bxa4 24. Bc2 Bc6 25. Kf2 Rb8 {(R)} 1/2-1/2

[Event "Brno Open FIDE"]
[Site "?"]
[Date "2016.08.27"]
[Round "8"]
[White "Zejda, Karel"]
[Black "Koci, Tereza"]
[Result "0-1"]
[WhiteElo "1772"]
[BlackElo "1717"]
[PlyCount "64"]
[EventDate "2016.08.??"]

1. d4 Nf6 2. Nf3 e6 3. Bg5 d5 4. e3 Be7 5. Nbd2 Nbd7 6. Bd3 c5 7. c3 O-O 8. O-O
b6 9. Rc1 Bb7 10. h3 Ne4 11. Bf4 Kh8 12. Bb1 g5 13. Bh2 Rg8 14. Nxe4 dxe4 15.
Nd2 f5 16. f3 exf3 17. Nxf3 g4 18. Ne5 Nxe5 19. Bxe5+ Bf6 20. Bxf6+ Qxf6 21.
hxg4 Qg5 22. Qe2 Raf8 23. Rf4 fxg4 24. g3 Bf3 25. Qh2 h5 26. Qc2 Qh6 27. Qa4
Rxf4 28. exf4 h4 29. Qc2 hxg3 30. Qh7+ Qxh7 31. Bxh7 Kxh7 32. dxc5 Kg7 0-1